[Event "Chigorin Memorial"]
[Site "St Petersburg RUS"]
[Date "2012.11.02"]
[Round "7.166"]
[White "Elizarova, Taisia"]
[Black "Stroganov, Anatoly"]
[Result "1-0"]
[WhiteElo "1663"]
[BlackElo "1808"]
[WhiteFideId "24128350"]
[BlackFideId "4178955"]
[EventDate "2012.10.27"]

1. d4 Nf6 2. c4 e6 3. g3 Nc6 4. Nf3 Bb4+ 5. Bd2 b6 6. Bg2 Bb7 7. O-O Be7 8. Nc3
O-O 9. Re1 Na5 10. b3 d6 11. e4 Rb8 12. Qc2 Nc6 13. a3 a5 14. Qb2 Na7 15. b4 c5
16. dxc5 bxc5 17. b5 Nd7 18. Bf4 Nb6 19. Qb3 e5 20. Bd2 Bc8 21. Na4 Be6 22. Nxb6
Qxb6 23. Qa4 Bd8 24. Bc3 Nc8 25. Bf1 Ra8 26. Red1 Qb7 27. Qc2 f6 28. Nh4 g6 29.
Ng2 Bc7 30. Ne3 Nb6 31. Bb2 a4 32. Be2 Rf7 33. h4 Raf8 34. Nd5 Bxd5 35. exd5 f5
36. h5 Bd8 37. hxg6 hxg6 38. Bc1 Rh7 39. Kg2 Bf6 40. Bd2 Kg7 41. Rh1 Rfh8 42.
Rxh7+ Rxh7 43. Rh1 Rxh1 44. Kxh1 Qa8 45. Qc1 Kf7 46. Kg2 e4 47. Bf4 Qd8 48. Bd2
Nd7 49. Qd1 Qa8 50. Bf4 Ke7 51. Qh1 Nf8 52. Bh6 Nd7 53. Bc1 Qg8 54. Qd1 Nb6 55.
Bd2 Qa8 56. Qh1 Bg7 57. Qh7 Kf7 58. Bc3 Qg8 59. Qxg8+ Kxg8 60. Ba5 Nd7 61. Bc7
Bb2 62. Bd1 Bxa3 63. b6 Nxb6 64. Bxb6 e3 65. fxe3 Bc1 66. Bxa4 Bxe3 67. Bc7 f4
68. Bxd6 fxg3 69. Kxg3 Kg7 70. Bd7 Kf6 71. Kg4 Bf2 72. Bc7 Be1 73. Bc8 Bc3 74.
d6 Be5 75. Bd8+ Kf7 76. d7 Bd6 77. Bb6 Be7 78. d8=Q Bxd8 79. Bxd8 Ke8 80. Bb6 g5
81. Bxc5 Kd8 82. Be6 1-0

[Event "Chigorin Memorial"]
[Site "St Petersburg RUS"]
[Date "2012.11.02"]
[Round "7.167"]
[White "Rybakova, Polina"]
[Black "Uyanik, Mehmet"]
[Result "0-1"]
[WhiteElo "1787"]
[BlackElo "1687"]
[WhiteFideId "24178829"]
[BlackFideId "6363164"]
[EventDate "2012.10.27"]

1. e4 c5 2. Nf3 e6 3. d4 cxd4 4. Nxd4 Nf6 5. Nc3 Nc6 6. Be3 a6 7. f3 Qc7 8. Qd2
Be7 9. O-O-O O-O 10. g4 Rd8 11. Qf2 d5 12. g5 Ne8 13. exd5 exd5 14. f4 Bg4 15.
Be2 Bxe2 16. Ncxe2 Nd6 17. Ng3 Qa5 18. Kb1 Nc4 19. Nb3 Qb5 20. Nf5 Nxe3 21. Qxe3
Bf8 22. Nfd4 Qb6 23. Qh3 a5 24. Nf5 a4 25. Nc1 a3 26. b3 Qc7 27. Nd3 Ne7 28.
Nxe7+ Bxe7 29. Ne5 Rac8 30. Rd2 Qa5 31. Rhd1 Bb4 32. Rxd5 Rxd5 33. Qxc8+ Bf8 34.
Rf1 Qb5 35. Qc4 Qa5 36. h4 Qd8 37. Nd3 b5 38. Qc3 b4 39. Qe1 Rd7 40. h5 Qc8 41.
Nxb4 Re7 42. Qf2 Qg4 43. h6 Re2 44. Qb6 Qh3 45. Rg1 Qc3 0-1

[Event "Chigorin Memorial"]
[Site "St Petersburg RUS"]
[Date "2012.11.02"]
[Round "7.168"]
[White "Melnikov, Nikolay"]
[Black "Bezobrazov, Lev"]
[Result "0-1"]
[WhiteElo "1752"]
[BlackElo "1673"]
[WhiteFideId "4191170"]
[BlackFideId "4152409"]
[EventDate "2012.10.27"]

1. e4 Nf6 2. e5 Nd5 3. d4 d6 4. c4 Nb6 5. exd6 exd6 6. Nc3 Be7 7. Be3 O-O 8. Qd2
Nc6 9. b3 Bf5 10. Nge2 Nb4 11. Ne4 c5 12. a3 Na6 13. N4g3 Bg4 14. f3 Bd7 15. Nf4
Bh4 16. d5 Qf6 17. Rd1 Rfe8 18. Kf2 g5 19. Nd3 Bf5 20. Be2 g4 21. Rhe1 gxf3 22.
Bxf3 Qg6 23. Nf4 Qg7 24. Nh5 Qg6 25. Bf4 Bc2 26. Rxe8+ Rxe8 27. Re1 Rxe1 28.
Qxe1 f5 29. Qe7 Bxe7 0-1

[Event "Chigorin Memorial"]
[Site "St Petersburg RUS"]
[Date "2012.11.02"]
[Round "7.169"]
[White "Kholova, Elena"]
[Black "Gantsevich, Aleksey A."]
[Result "1-0"]
[WhiteElo "1736"]
[BlackElo "1626"]
[WhiteFideId "4146093"]
[BlackFideId "24195863"]
[EventDate "2012.10.27"]

1. Nf3 Nf6 2. d4 g6 3. Nbd2 d5 4. g3 Bg7 5. Bg2 O-O 6. O-O c6 7. Re1 Ne4 8. Nxe4
dxe4 9. Ne5 f6 10. Nc4 Be6 11. b3 f5 12. e3 Nd7 13. Bb2 b5 14. Na3 Nf6 15. c4 a6
16. Qe2 b4 17. Nc2 a5 18. a3 Qb6 19. axb4 axb4 20. Qd2 Rab8 21. Ra4 c5 22. Rea1
Bf7 23. dxc5 Qxc5 24. Bd4 Rfd8 25. Qe1 Qc7 26. Nxb4 Rxd4 27. exd4 Be8 28. Ra7
Qb6 29. Nc2 Qxb3 30. Ne3 Nd7 31. Qd1 Qb6 32. c5 Qf6 33. Nc2 Qf7 34. c6 Nb6 35.
c7 Rc8 36. Nb4 Qc4 37. Na6 Bxd4 38. Rc1 Qd5 39. Nb4 Qd6 40. Nc2 Bc5 41. Qxd6
exd6 42. Ne3 Kf7 43. Bf1 Bd7 44. Ba6 Na8 45. Bxc8 Bxa7 46. Bxd7 1-0

[Event "Chigorin Memorial"]
[Site "St Petersburg RUS"]
[Date "2012.11.02"]
[Round "7.171"]
[White "Gantsevich, Dmitry"]
[Black "Bubnov, Kirill"]
[Result "0-1"]
[WhiteElo "1546"]
[BlackElo "1713"]
[WhiteFideId "24162582"]
[BlackFideId "24175277"]
[EventDate "2012.10.27"]

1. d4 Nf6 2. c4 g6 3. Nc3 Bg7 4. e4 d6 5. Be2 O-O 6. Bg5 c5 7. d5 Qa5 8. Qd2 Re8
9. Nf3 Nbd7 10. O-O Ng4 11. h3 Nge5 12. Nxe5 Nxe5 13. f4 Nd7 14. Bd3 Nb6 15. f5
Qb4 16. f6 exf6 17. Bxf6 Nxc4 18. Bxc4 Qxc4 19. Qf4 Bxf6 20. Qxf6 Qd4+ 21. Qxd4
cxd4 22. Nb5 Rxe4 23. Nxd6 Re5 24. Rxf7 Rxd5 25. Raf1 Rxd6 26. Rf8+ Kg7 27.
R8f7+ Kh6 28. g4 Be6 29. R7f6 d3 30. Rd1 Re8 31. Rf3 d2 32. Rf6 Bxg4 33. Rxd6
Bxd1 34. Rxd2 Ba4 35. a3 Re1+ 36. Kh2 Rd1 37. Re2 Rd3 38. Rf2 Bd7 39. h4 Rh3+
40. Kg2 Rxh4 41. Rf7 Bc6+ 42. Kg3 Re4 43. Rf2 Re3+ 44. Kh2 Bf3 45. Kg3 Bh5+ 46.
Kf4 Rf3+ 47. Rxf3 Bxf3 48. Kxf3 Kg5 49. Kg3 Kf5 50. b3 h5 51. Kh3 Kf4 52. Kh4
Ke3 53. Kg5 0-1

[Event "Chigorin Memorial"]
[Site "St Petersburg RUS"]
[Date "2012.11.03"]
[Round "8.7"]
[White "Grachev, Boris"]
[Black "Swiercz, Dariusz"]
[Result "1-0"]
[WhiteTitle "GM"]
[BlackTitle "GM"]
[WhiteElo "2672"]
[BlackElo "2609"]
[WhiteFideId "4129199"]
[BlackFideId "1126881"]
[EventDate "2012.10.27"]

1. c4 Nf6 2. Nf3 e6 3. g3 d5 4. Bg2 dxc4 5. O-O a6 6. Qc2 b5 7. Ne1 Nd5 8. d3
cxd3 9. Nxd3 Bb7 10. Nc3 c5 11. Nxd5 Bxd5 12. Nxc5 Bxg2 13. Kxg2 Qd5+ 14. Ne4
Nc6 15. f3 Nb4 16. Qc7 Qd8 17. Qe5 Qd5 18. Qc3 f5 19. a3 fxe4 20. axb4 exf3+ 21.
Rxf3 Qc4 22. Qxc4 bxc4 23. b5 a5 24. Bf4 Bb4 25. Rc1 O-O-O 26. Rxc4+ Kb7 27. Rc6
Rhe8 28. Be3 Rd5 29. Rb6+ Kc7 30. Rf1 Re5 31. Rc1+ Kd8 32. Rb8+ Ke7 33. Rc7+ Kf8
34. Rxe8+ Kxe8 35. Bd4 Rxb5 36. Rxg7 e5 37. Rg5 Bd6 38. Bc3 Kf7 39. Rg4 Kf6 40.
Rc4 Ke6 41. Rh4 Rb3 42. Rh6+ Kd5 43. e4+ Kc5 44. Rxh7 Bb8 45. Rh8 Kc4 46. Rc8+
Kd3 47. Rc5 a4 48. Kf3 a3 49. bxa3 Ba7 50. Rc7 Bd4 51. Bb4 Rb1 52. h4 Rf1+ 53.
Kg4 Kxe4 54. h5 Rh1 55. Be7 Kd3 56. Bf6 1-0

[Event "Chigorin Memorial"]
[Site "St Petersburg RUS"]
[Date "2012.11.03"]
[Round "8.10"]
[White "Neverov, Valeriy"]
[Black "Socko, Bartosz"]
[Result "0-1"]
[WhiteTitle "GM"]
[BlackTitle "GM"]
[WhiteElo "2494"]
[BlackElo "2619"]
[WhiteFideId "14100150"]
[BlackFideId "1107038"]
[EventDate "2012.10.27"]

1. d4 Nf6 2. c4 e6 3. Nc3 Bb4 4. e3 O-O 5. Ne2 d5 6. a3 Be7 7. cxd5 exd5 8. g3
a5 9. Bg2 Na6 10. O-O c6 11. f3 c5 12. Bd2 Re8 13. Be1 Nc7 14. Bf2 Bf8 15. Qd2
b6 16. Rad1 Bb7 17. g4 h6 18. Nf4 c4 19. a4 Qd7 20. h3 Bc6 21. Qc2 Na6 22. b3
Nb4 23. Qb1 Bd6 24. Nfe2 Nd3 25. Rxd3 cxd3 26. Qxd3 Qe7 27. Re1 Rac8 28. Ng3 Bb4
29. Nf5 Qf8 30. Rc1 Bd7 31. Ne2 Bxf5 32. gxf5 Rxc1+ 33. Nxc1 Qd6 34. Ne2 Qc6 35.
Ng3 Qc1+ 36. Qf1 Qb2 37. Qd3 Rc8 38. Ne2 Qc2 39. Qxc2 Rxc2 40. Bf1 Rb2 41. Ng3
Rxb3 42. e4 Bc3 43. e5 Ne8 44. f6 gxf6 45. f4 fxe5 46. dxe5 Ng7 47. Bb5 Ne6 48.
Ne2 d4 49. f5 Ng5 50. e6 fxe6 51. fxe6 Rxb5 0-1

[Event "Chigorin Memorial"]
[Site "St Petersburg RUS"]
[Date "2012.11.03"]
[Round "8.12"]
[White "Khairullin, Ildar"]
[Black "Goganov, Aleksey"]
[Result "0-1"]
[WhiteTitle "GM"]
[BlackTitle "IM"]
[WhiteElo "2639"]
[BlackElo "2526"]
[WhiteFideId "4151348"]
[BlackFideId "24109959"]
[EventDate "2012.10.27"]

1. e4 e6 2. d4 d5 3. Nc3 Nf6 4. e5 Nfd7 5. f4 c5 6. Nf3 Nc6 7. Be3 a6 8. Qd2 b5
9. dxc5 Bxc5 10. Bd3 Qb6 11. Bf2 Bxf2+ 12. Qxf2 Bb7 13. Ne2 Nc5 14. O-O O-O 15.
Kh1 b4 16. Bxh7+ Kxh7 17. Qh4+ Kg8 18. Ng5 Rfc8 19. f5 Nxe5 20. f6 gxf6 21. Rxf6
Kf8 22. Raf1 Rc7 23. Nd4 Ke8 24. Qh7 Re7 25. Nf5 Kd7 26. Nxe7 Kxe7 27. Nxf7 Nxf7
28. Qxf7+ Kd6 29. Re1 Bc6 30. a3 Bd7 31. Rff1 a5 32. axb4 axb4 33. c4 bxc3 34.
bxc3 Ra4 35. Qf8+ Kc6 36. Rb1 Qa6 37. Qb8 Ne4 38. Rfc1 Qa7 39. Qxa7 Rxa7 40. h4
e5 41. Kh2 Bg4 42. Rb2 Rh7 43. g3 Rf7 44. Re1 Kc5 45. Ra2 Kc4 46. Ra4+ Kd3 47.
c4 Nd2 48. cxd5 Nf3+ 49. Kh1 Nxe1 50. Rxg4 e4 51. Rf4 Rxf4 52. gxf4 Nc2 53. d6
Nd4 54. d7 Nc6 55. Kg2 e3 56. Kf1 Kd2 0-1

[Event "Chigorin Memorial"]
[Site "St Petersburg RUS"]
[Date "2012.11.03"]
[Round "8.14"]
[White "Makarov, Marat"]
[Black "Timofeev, Artyom"]
[Result "0-1"]
[WhiteTitle "GM"]
[BlackTitle "GM"]
[WhiteElo "2516"]
[BlackElo "2631"]
[WhiteFideId "4101103"]
[BlackFideId "4140419"]
[EventDate "2012.10.27"]

1. c4 Nf6 2. Nc3 d5 3. cxd5 Nxd5 4. Nf3 g6 5. g3 Nxc3 6. bxc3 b6 7. Qa4+ Qd7 8.
Qe4 c6 9. Bg2 Bb7 10. Ne5 Qe6 11. Nc4 Qxe4 12. Bxe4 Nd7 13. a4 O-O-O 14. d4 c5
15. Bxb7+ Kxb7 16. Be3 Rc8 17. Rc1 e6 18. O-O f5 19. Rfd1 cxd4 20. cxd4 Nf6 21.
Bf4 Bb4 22. Be5 Rhf8 23. Bxf6 Rxf6 24. e3 Rf7 25. Ne5 Rfc7 26. Rb1 a5 27. Nd3
Rc4 28. Ne5 Rc2 29. Nd3 R8c4 30. Ne5 R4c3 31. Nd3 Bd6 32. Rb5 Ra2 33. Nc5+ Bxc5
34. dxc5 Rxc5 35. Rd6 Rc6 36. Rd7+ Ka6 37. Rxh7 Rxa4 38. Rb2 Rac4 39. h4 Rc2 40.
Rb3 R6c3 41. Rxc3 Rxc3 42. Rg7 a4 43. Rxg6 a3 44. Rg8 Kb7 0-1

[Event "Chigorin Memorial"]
[Site "St Petersburg RUS"]
[Date "2012.11.03"]
[Round "8.17"]
[White "Stukopin, Andrey"]
[Black "Solak, Dragan"]
[Result "1/2-1/2"]
[WhiteTitle "IM"]
[BlackTitle "GM"]
[WhiteElo "2494"]
[BlackElo "2590"]
[WhiteFideId "24107131"]
[BlackFideId "916811"]
[EventDate "2012.10.27"]

1. e4 c6 2. d4 d5 3. e5 Bf5 4. h4 h6 5. g4 Bd7 6. Nd2 c5 7. dxc5 Qc7 8. f4 e6 9.
Nb3 Bxc5 10. Nxc5 Qxc5 11. Nf3 Ne7 12. h5 Bb5 13. Qd4 Qc6 14. Be3 Bxf1 15. Rxf1
Qxc2 16. Rc1 Qh7 17. f5 exf5 18. Qf4 O-O 19. g5 hxg5 20. Qxg5 Nbc6 21. Rg1 f4
22. Bxf4 Rae8 23. Kf2 Nd8 24. h6 Ne6 25. Qf6 Ng6 26. hxg7 Qxg7 27. Be3 Qxf6 28.
exf6 Rc8 29. Bxa7 Ra8 30. Bc5 Nxc5 31. Rxc5 Rxa2 32. Rb5 Ra6 33. Rxd5 Rxf6 34.
Rb5 b6 35. Rg4 Re8 36. Rgg5 Re4 37. Rb3 Re5 38. Rg4 Kf8 39. Kg3 Ref5 40. Nh4
Nxh4 41. Rxh4 Rg5+ 42. Rg4 Rxg4+ 43. Kxg4 Ke7 44. Kg5 Re6 45. Kf4 Kd7 46. Rb5
Kc6 47. Rf5 Re2 48. Kf3 Rxb2 49. Ke3 Ra2 50. Rxf7 Kb5 51. Rf6 Rc2 52. Kd3 Rc1
53. Kd2 Rc4 54. Kd3 Rc8 55. Rf1 Rc6 56. Rb1+ Ka6 57. Ra1+ Kb7 58. Ra3 b5 59. Rc3
Rc4 60. Rxc4 bxc4+ 1/2-1/2

[Event "Chigorin Memorial"]
[Site "St Petersburg RUS"]
[Date "2012.11.03"]
[Round "8.18"]
[White "Raznikov, Danny"]
[Black "Zhigalko, Andrey"]
[Result "1-0"]
[WhiteTitle "IM"]
[BlackTitle "GM"]
[WhiteElo "2465"]
[BlackElo "2582"]
[WhiteFideId "2811154"]
[BlackFideId "13502247"]
[EventDate "2012.10.27"]

1. d4 Nf6 2. c4 e6 3. Nf3 b6 4. g3 Bb7 5. Bg2 c5 6. d5 exd5 7. cxd5 Bxd5 8. Nc3
Bc6 9. O-O Be7 10. Re1 O-O 11. e4 d6 12. Bg5 Re8 13. Qc2 Nbd7 14. Nh4 Qc7 15.
Nf5 Bf8 16. Rad1 h6 17. Bf4 Ne5 18. h3 Rad8 19. b3 b5 20. Ne3 Qb7 21. Ncd5 Ned7
22. g4 Re6 23. Bg3 Rde8 24. f3 Nxd5 25. Nxd5 Bxd5 26. Rxd5 Nb6 27. Rdd1 g5 28.
h4 Qe7 29. hxg5 hxg5 30. Bf1 a6 31. a4 Qd7 32. a5 Nc8 33. Qxc5 dxc5 34. Rxd7 Bg7
35. Red1 Bc3 36. R1d5 f6 37. Rxc5 Bxa5 38. Rc2 Bb6+ 39. Kg2 Kf8 40. Bd3 R6e7 41.
Rd5 Kf7 42. e5 fxe5 43. Bf5 Na7 44. Rd6 Rb8 45. Re2 Bc7 46. Rxa6 Nc8 47. Rc2 Nd6
48. Rxc7 Nxf5 49. Rxe7+ Nxe7 50. Bxe5 Rd8 51. Bf6 Rd5 52. Bxe7 Kxe7 53. Rb6 Re5
54. Kf2 Kd7 55. Rg6 Ke7 56. Rc6 Kd7 57. Rg6 Ke7 58. Rc6 Kd7 59. Rc3 Kd6 60. Kg3
Re1 61. b4 Re5 62. f4 Re4 63. fxg5 Ke7 64. Rf3 Rxb4 65. g6 Rc4 66. Kh4 b4 67. g7
Rc8 68. Kg5 b3 69. Kg6 b2 70. Re3+ Kd6 71. Rb3 1-0

[Event "Chigorin Memorial"]
[Site "St Petersburg RUS"]
[Date "2012.11.03"]
[Round "8.20"]
[White "Grigoriants, Sergey"]
[Black "Alekseenko, Kirill"]
[Result "1-0"]
[WhiteTitle "GM"]
[BlackTitle "FM"]
[WhiteElo "2578"]
[BlackElo "2434"]
[WhiteFideId "4130804"]
[BlackFideId "4135539"]
[EventDate "2012.10.27"]

1. Nf3 d5 2. d4 Nf6 3. g3 e6 4. Bg2 Be7 5. O-O O-O 6. c4 dxc4 7. Qa4 a6 8. Qxc4
b5 9. Qc2 Bb7 10. Bd2 h6 11. Rd1 Nbd7 12. Ba5 Rc8 13. Nbd2 Qe8 14. b4 Bd6 15. e4
e5 16. Re1 Nh7 17. Rad1 Ba8 18. dxe5 Nxe5 19. Nxe5 Qxe5 20. Nb3 Rfe8 21. f4 Qe7
22. Qd2 f6 23. a3 Qf7 24. Qc3 g5 25. Nd4 gxf4 26. Nf5 Qc4 27. Qf3 Bf8 28. gxf4
Kh8 29. Rc1 Qf7 30. Qg3 Qg8 31. Rxc7 Rxc7 32. Qxg8+ Kxg8 33. Bxc7 Rc8 34. Bd6
Bxd6 35. Nxd6 Rc3 36. Nf5 Nf8 37. Nxh6+ Kh7 38. Ng4 Kg7 39. Re3 Rc1+ 40. Kf2 Ne6
41. Kg3 Rg1 42. h4 Nd4 43. Kh3 Rd1 44. Nf2 Rd2 45. Rd3 Rxf2 46. Rxd4 f5 47. Kg3
Re2 48. Rd7+ Kh6 49. Rd6+ Kg7 50. Rxa6 Bxe4 51. Bxe4 Rxe4 52. h5 Re1 53. Rb6
Rg1+ 54. Kf2 1-0

[Event "Chigorin Memorial"]
[Site "St Petersburg RUS"]
[Date "2012.11.03"]
[Round "8.21"]
[White "Grigoryan, Avetik"]
[Black "Malakhov, Igor"]
[Result "1-0"]
[WhiteTitle "GM"]
[BlackTitle "FM"]
[WhiteElo "2572"]
[BlackElo "2429"]
[WhiteFideId "13302191"]
[BlackFideId "4183088"]
[EventDate "2012.10.27"]

1. d4 Nf6 2. c4 d6 3. Nc3 Nbd7 4. e4 e5 5. Nge2 g6 6. d5 c5 7. f3 h5 8. h4 a6 9.
a3 Qc7 10. Bg5 Bh6 11. Bxh6 Rxh6 12. Qd2 Rh8 13. Nc1 Nb6 14. b3 Bd7 15. Nd3
O-O-O 16. Be2 Nh7 17. f4 f6 18. a4 Bg4 19. a5 Nd7 20. Bxg4 hxg4 21. f5 gxf5 22.
exf5 Rde8 23. Qe3 b6 24. axb6 Qxb6 25. Kd2 e4 26. Nf4 Rhg8 27. Kc2 Re5 28. Ng6
Ree8 29. Nxe4 g3 30. Rhe1 Kb8 31. Qxg3 Ne5 32. h5 Rg7 33. Qc3 Rb7 34. Nd2 Ng5
35. Qa5 Ka7 36. Qxb6+ Kxb6 37. Re3 Rh7 38. g4 Ra8 39. Nxe5 dxe5 40. Ne4 Nxe4 41.
Rxe4 a5 42. Kd2 Kc7 43. Ke2 Kd6 44. Kf3 Rb7 45. Re3 Rg7 46. Kg3 Rag8 47. Re4 Rb8
48. Rxa5 Rxb3+ 49. Kh4 Rb1 50. Ra6+ Kd7 51. Rxf6 Rh1+ 52. Kg3 Rxh5 53. Rg6 1-0

[Event "Chigorin Memorial"]
[Site "St Petersburg RUS"]
[Date "2012.11.03"]
[Round "8.23"]
[White "Onischuk, Vladimir"]
[Black "Zenzera, Alexey"]
[Result "1/2-1/2"]
[WhiteTitle "GM"]
[WhiteElo "2558"]
[BlackElo "2361"]
[WhiteFideId "14114038"]
[BlackFideId "4102665"]
[EventDate "2012.10.27"]

1. Nf3 Nf6 2. g3 d5 3. Bg2 c6 4. b3 Bg4 5. Bb2 Nbd7 6. d3 e6 7. Nbd2 Bd6 8. h3
Bxf3 9. Nxf3 Qe7 10. a3 O-O 11. O-O Rfe8 12. Re1 Rad8 13. e4 dxe4 14. dxe4 Nc5
15. Nd2 e5 16. Qe2 Bc7 17. Nc4 b5 18. Ne3 g6 19. a4 a6 20. Nf1 Rb8 21. Bc3 Bd6
22. Red1 Red8 23. axb5 axb5 24. Bb2 Ra8 25. f4 Rxa1 26. Rxa1 Ne6 27. Kh1 Qc7 28.
Rd1 Ne8 29. f5 Nd4 30. Bxd4 exd4 31. Rxd4 Be5 32. Rxd8 Qxd8 33. g4 Nf6 34. Nd2
Qd4 35. Qd3 Qxd3 36. cxd3 Nd7 37. Nf3 c5 38. Bf1 Bd4 39. b4 Bc3 40. bxc5 Nxc5
41. e5 gxf5 42. gxf5 Nb3 43. Be2 Nc1 44. Bd1 1/2-1/2

[Event "Chigorin Memorial"]
[Site "St Petersburg RUS"]
[Date "2012.11.03"]
[Round "8.24"]
[White "Baghdasaryan, Vahe"]
[Black "Ionov, Sergey"]
[Result "1-0"]
[WhiteTitle "IM"]
[BlackTitle "GM"]
[WhiteElo "2373"]
[BlackElo "2550"]
[WhiteFideId "13303139"]
[BlackFideId "4100875"]
[EventDate "2012.10.27"]

1. e4 c6 2. d4 d5 3. e5 Bf5 4. h4 h6 5. g4 Bd7 6. h5 c5 7. c3 Nc6 8. Na3 e6 9.
Nc2 Qb6 10. f4 cxd4 11. cxd4 f6 12. Nf3 fxe5 13. fxe5 O-O-O 14. Nh4 Nge7 15. Rh3
Be8 16. Rb3 Qc7 17. Be3 g6 18. Bd3 Rg8 19. Qe2 gxh5 20. gxh5 Rg3 21. Kf2 Nxe5
22. dxe5 Qxe5 23. Nf3 Qg7 24. Bd4 Qg4 25. Ne3 Rxf3+ 26. Qxf3 Qh4+ 27. Kg2 Qxd4
28. Qxf8 Qxe3 29. Qxe7 Bc6 30. Rc3 Rg8+ 31. Bg6 Qe2+ 32. Kh1 d4+ 33. Rxc6+ bxc6
34. Qf7 Rd8 35. Rc1 Rd6 36. Qf1 d3 37. Qxe2 dxe2 38. Bc2 Rd2 39. Bb3 Kd7 40. Kg1
Rxb2 41. Kf2 e1=Q+ 42. Kxe1 Rh2 43. Rc5 Kd6 44. Ra5 e5 45. Bd1 e4 46. Be2 c5 47.
Rxa7 Ke5 48. Kd2 Rh3 49. a4 Ra3 50. Re7+ Kd4 51. Rd7+ Ke5 52. Bb5 Kf4 53. Rc7
e3+ 54. Kc2 Ra2+ 55. Kb3 Rh2 56. a5 Rxh5 57. a6 c4+ 58. Bxc4 Ra5 59. Kb4 Ra1 60.
Rf7+ Kg3 61. Rf1 Rxf1 62. Bxf1 Kf2 63. Bc4 e2 64. Bxe2 Kxe2 65. a7 1-0

[Event "Chigorin Memorial"]
[Site "St Petersburg RUS"]
[Date "2012.11.03"]
[Round "8.25"]
[White "Charochkina, Daria"]
[Black "Savchenko, Boris"]
[Result "0-1"]
[WhiteTitle "WGM"]
[BlackTitle "GM"]
[WhiteElo "2343"]
[BlackElo "2540"]
[WhiteFideId "4180917"]
[BlackFideId "4147332"]
[EventDate "2012.10.27"]

1. d4 Nf6 2. c4 e6 3. Nc3 d5 4. cxd5 exd5 5. Bg5 Nbd7 6. e3 Be7 7. Nf3 O-O 8.
Qc2 Re8 9. h3 b6 10. Bb5 Bb7 11. Ne5 Nxe5 12. Bxe8 Nxe8 13. Bxe7 Qxe7 14. dxe5
Qxe5 15. O-O Nd6 16. Rad1 Re8 17. b3 f5 18. Qd3 c6 19. Qd4 Qe7 20. a4 Ba6 21.
Rfe1 Nb7 22. f3 Nc5 23. e4 fxe4 24. fxe4 Nxb3 25. Nxd5 cxd5 26. Qxd5+ Qf7 27.
Qxf7+ Kxf7 28. e5 Bc4 29. Re4 Be6 30. Rf4+ Ke7 31. Rb4 Rc8 32. Rd3 Rc1+ 33. Kh2
Nc5 34. Ra3 Rc4 35. Rxc4 Bxc4 36. Rc3 Bd3 37. a5 Ke6 38. axb6 axb6 39. Ra3 b5 0-1

[Event "Chigorin Memorial"]
[Site "St Petersburg RUS"]
[Date "2012.11.03"]
[Round "8.27"]
[White "Zvjaginsev, Vadim"]
[Black "Hayrapetyan, Hovik"]
[Result "1/2-1/2"]
[WhiteTitle "GM"]
[BlackTitle "IM"]
[WhiteElo "2678"]
[BlackElo "2450"]
[WhiteFideId "4113403"]
[BlackFideId "13302639"]
[EventDate "2012.10.27"]

1. e4 c5 2. Nf3 e6 3. c4 Nc6 4. Be2 e5 5. Nc3 d6 6. d3 g6 7. O-O Bg7 8. Nd5 Nge7
9. a3 O-O 10. b4 b6 11. Rb1 Bg4 12. Be3 Bxf3 13. Bxf3 Nxd5 14. cxd5 Nd4 15. Bxd4
exd4 16. bxc5 bxc5 17. Qa4 Qc7 18. g3 Rfb8 19. Qc6 Qd8 20. Bg4 Rxb1 21. Rxb1 Rb8
22. Rxb8 Qxb8 23. Kg2 Bf8 24. Qd7 c4 25. dxc4 Qb1 26. c5 Qxe4+ 27. Bf3 Qe7 28.
Qxe7 Bxe7 29. c6 Bd8 30. Kf1 d3 31. Be4 d2 32. Ke2 Ba5 33. g4 g5 34. Bc2 Kg7 35.
f4 h6 36. Ke3 Kf6 37. h3 Ke7 38. Ke4 f6 39. Kf5 Kf7 40. Bd1 Bb6 41. Be2 1/2-1/2

[Event "Chigorin Memorial"]
[Site "St Petersburg RUS"]
[Date "2012.11.03"]
[Round "8.28"]
[White "Matlakov, Maxim"]
[Black "Gladyszev, Oleg"]
[Result "1-0"]
[WhiteTitle "GM"]
[BlackTitle "IM"]
[WhiteElo "2665"]
[BlackElo "2446"]
[WhiteFideId "4168003"]
[BlackFideId "4118642"]
[EventDate "2012.10.27"]

1. d4 Nf6 2. c4 g6 3. Nc3 Bg7 4. e4 d6 5. Nf3 O-O 6. h3 e5 7. d5 a5 8. g4 Na6 9.
Be3 Nc5 10. Nd2 Nfd7 11. h4 f5 12. g5 f4 13. Bxc5 Nxc5 14. Qf3 c6 15. Bh3 Qb6
16. O-O-O Qa6 17. Kb1 Rb8 18. h5 Re8 19. hxg6 hxg6 20. Bxc8 Rbxc8 21. Qh3 Kf7
22. Nb3 Qxc4 23. Nxc5 Qxc5 24. Qd7+ Kg8 25. Rh7 1-0

[Event "Chigorin Memorial"]
[Site "St Petersburg RUS"]
[Date "2012.11.03"]
[Round "8.29"]
[White "Socko, Monika"]
[Black "Gabrielian, Artur"]
[Result "0-1"]
[WhiteTitle "GM"]
[BlackTitle "GM"]
[WhiteElo "2445"]
[BlackElo "2592"]
[WhiteFideId "1106619"]
[BlackFideId "4131002"]
[EventDate "2012.10.27"]

1. d4 Nf6 2. c4 g6 3. Nc3 d5 4. Bf4 Bg7 5. Nf3 O-O 6. Rc1 c5 7. dxc5 dxc4 8.
Qxd8 Rxd8 9. e4 Na6 10. e5 Nh5 11. Be3 Bg4 12. Bxc4 Bxf3 13. gxf3 Bxe5 14. c6
Nc7 15. cxb7 Rab8 16. O-O Rxb7 17. b3 Nf4 18. Rfd1 Rxd1+ 19. Rxd1 Nfe6 20. Nd5
Nxd5 21. Rxd5 Bf4 22. Ra5 Bxe3 23. fxe3 Nf8 24. a4 Nd7 25. Rb5 Rc7 26. a5 e6 27.
Kf2 Kf8 28. f4 Ke7 29. e4 f6 30. Ke3 Kd6 31. a6 e5 32. Rb7 Rxb7 33. axb7 Kc7 34.
Bg8 h6 35. Bf7 g5 36. f5 Kxb7 37. Kf3 Nc5 38. Kg4 Kc7 39. Bd5 Nd3 40. Kh5 Nf4+
41. Kxh6 Nxd5 42. Kg6 g4 43. Kf7 Kd6 0-1

[Event "Chigorin Memorial"]
[Site "St Petersburg RUS"]
[Date "2012.11.03"]
[Round "8.30"]
[White "Atabayev, Maksat"]
[Black "Ipatov, Alexander"]
[Result "0-1"]
[WhiteTitle "FM"]
[BlackTitle "GM"]
[WhiteElo "2446"]
[BlackElo "2591"]
[WhiteFideId "14001101"]
[BlackFideId "14116731"]
[EventDate "2012.10.27"]

1. e4 e5 2. Nf3 Nf6 3. Nxe5 d6 4. Nf3 Nxe4 5. Nc3 Nxc3 6. dxc3 Be7 7. Qd4 O-O 8.
Be3 Nc6 9. Qf4 Qd7 10. Bd3 Qg4 11. O-O-O Bf6 12. Ng5 Bxg5 13. Qxg5 Ne5 14. Bf1
Be6 15. Rd4 Qxg5 16. Bxg5 Rfe8 17. h3 a5 18. a4 Bd7 19. b3 Bc6 20. Rg1 Re6 21.
Be3 Rae8 22. Bb5 Rg6 23. Rf4 Re7 24. g4 h5 25. Be2 hxg4 26. hxg4 Rh6 27. b4 b6
28. Kd2 Rh2 29. bxa5 bxa5 30. Rb1 f6 31. Rb8+ Re8 32. Ba7 Rxb8 33. Bxb8 g5 34.
Rd4 Bf3 35. Bc4+ d5 36. Bxd5+ Bxd5 37. Rxd5 Rxf2+ 38. Kc1 Nxg4 39. Bxc7 Ne3 40.
Rxa5 Rxc2+ 41. Kb1 Rxc3 42. Bd8 Kf7 43. Ra7+ Kg6 44. Ra6 Nd5 45. Rd6 Rc5 46. a5
g4 47. Bb6 Nxb6 48. axb6 Rb5+ 49. Kc2 Kg5 50. Kc3 g3 51. Kc4 Rb1 52. Rd3 Kg4 53.
Rd4+ Kh3 54. Rd6 f5 55. Rh6+ Kg2 56. Rf6 f4 57. Rxf4 Rxb6 58. Kd3 Re6 59. Rf8
Kg1 60. Rf7 g2 61. Rh7 Re5 62. Rh8 Kf2 63. Rf8+ Kg3 64. Rg8+ Kf3 65. Kd2 Re4 0-1